Statistics for Doctor Who (9, 10, 11)

Click here to take the quiz!

General Stats

  • This quiz has been taken 9,479 times
    (9,477 since last reset)
  • The average score is 9 of 15

Answer Stats

HintAnswer% Correct
What phrase does Rose Tyler scatter across the universe to warn The Doctor?Bad Wolf
90%
Don't...?Blink
89%
Who does Melody Pond grow up to be?River Song
82%
What bizarre combination of food does The Doctor desire when he first meets Amy Pond?Fish Fingers and Custard
78%
Who does The Doctor suspect is the Face of Boe?Captain Jack Harkness
76%
Who was the guest star in the 2007 Christmas special episode "Voyage of the Damned"?Kylie Minogue
65%
Who is the main character of the episode "Blink"?Sally Sparrow
65%
What is the name of the enemy in the episodes "Silence in the Library" and "Forest of the Dead"?The Vashta Nerada
63%
What is Rose Tyler's father called?Pete Tyler
61%
What does Donna Noble say is disappearing throughout Series 4, but The Doctor doesn't think anything of it?The Bees
59%
What is the name of the airless planet where The Doctor went to see the Sapphire Waterfall, but got held up?Midnight
54%
Who does The Doctor save from some Clockwork Droids?Madame de Pompadour
51%
Which enemy does Peter Kay portray?The Abzorbaloff
33%
When Donna and Martha first meet, what does Donna jokingly say will happen if anyone tried to hug the Doctor?They'll get a paper cut.
28%
Which comedian plays a character called Gibbis in the episode "The God Complex"?David Walliams
23%

Score Distribution

Percentile by Number Answered

Percent of People with Each Score

Your Score History

You have not taken this quiz since the last reset